000 00781nam a2200265Ia 4500
003 OSt
005 20220926013606.0
006 a|||||r|||| 00| 0
007 ta
008 220923b |||||||| |||| 00| 0 eng d
037 _cGeneral Book
040 _aRTL
_cRTL
_beng
041 _2eng
_aeng
082 _aB2891, M8
100 _aHannan E J
_9318678
245 0 _aStatistical theory of linear systems
260 _aNew York
_bJohn Wiley
_c1988
300 _axiii,380p
_ccm.
490 _aWiley Series in Probability and Mathematical Statistics
500 _aBibliography P 361-70
650 _aLinear Programming
700 _a Deistler Manfred
_9318679
942 _hB2891, M8
_cGB
_2CC
999 _c626378
_d626378